NDA/NA SSB: (Record no. 190979)

MARC details
000 -LEADER
fixed length control field 00661nam a22001817a 4500
005 - DATE AND TIME OF LATEST TRANSACTION
control field 20220816163720.0
010 ## - LCCN (DPL NO)
LC control number B-745318
020 ## - INTERNATIONAL STANDARD BOOK NUMBER
International Standard Book Number 9789390906932
Terms of availability 225.00
035 ## - SYSTEM CONTROL NUMBER
System control number B-745318
037 ## - SOURCE OF ACQUISITION
Source of stock number/acquisition Prabhat Exam
100 ## - MAIN ENTRY--PERSONAL NAME
Personal name Chauhan, Gautam
245 ## - TITLE STATEMENT
Title NDA/NA SSB:
Remainder of title Interview Guide Also for IMA,OTA,AFA and other Competitive Examinations /
Statement of responsibility, etc Gautam Chauhan
260 ## - PUBLICATION, DISTRIBUTION, ETC. (IMPRINT)
Place of publication, distribution, etc New Delhi
Name of publisher, distributor, etc Prabhat Exam
270 ## - ADDRESS
Address 4/19 Asaf Ali Road New Delhi
City New Delhi
Postal code 110002
Telephone number 7827007777
Electronic mail address prabhatbooks@gmail.com
300 ## - PHYSICAL DESCRIPTION
Extent 238p.
Dimensions 28cm(pbk)
942 ## - ADDED ENTRY ELEMENTS (KOHA)
Source of classification or shelving scheme Dewey Decimal Classification
Item type English Books
Call number suffix CHA
Classification part 000
Holdings
Withdrawn status Lost status Not for loan Collection code Home library Current library Date acquired Source of acquisition Cost, normal purchase price Full call number Barcode Copy number Cost, replacement price Koha item type Public note
      Non-fiction Ashok Vihar Ashok Vihar 16/08/2022 18.6.2022/ Gift 225.00 000 CHA B-745318 1 225.00 English Books Gift

© Delhi Public Library
Hit Counter
free hit counter